[Event "Cappelle Online Blitz op"]
[Site "Europe Echecs INT"]
[Date "2022.01.09"]
[Round "4"]
[White "Garcia Cuenca, Victor Manuel"]
[Black "Lavanant, Alexandre"]
[Result "1-0"]
[WhiteElo "2384"]
[BlackElo "1955"]
[PlyCount "49"]
[EventDate "2022.01.09"]
[EventType "swiss (blitz)"]
[EventRounds "11"]
[EventCountry "FRA"]
[SourceTitle "EXT 2023"]
[Source "ChessBase"]
[SourceDate "2022.10.05"]
[SourceVersion "1"]
[SourceVersionDate "2022.10.05"]
[SourceQuality "1"]

1. d4 Nf6 2. c4 e5 3. dxe5 Ng4 4. Nf3 Nc6 5. e3 Ngxe5 6. Be2 Nxf3+ 7. Bxf3 Ne5 8. Be2 Bc5 9. 0-0 0-0 10. Nd2 Re8 11. Nb3 Bf8 12. Nd4 d6 13. b3 c6 14. Bb2 d5 15. cxd5 Qxd5 16. Rc1 a6 17. Qc2 g6 18. Rfd1 Qa5 19. h3 c5 20. Nf3 Nxf3+ 21. Bxf3 Bg7 22. Bxg7 Kxg7 23. Qxc5 Qxa2 24. Qc3+ Kg8 25. Ra1 1-0

[Event "Cappelle Online Blitz op"]
[Site "Europe Echecs INT"]
[Date "2022.01.09"]
[Round "10"]
[White "Mallassagne, Francois Eric"]
[Black "Lavanant, Alexandre"]
[Result "0-1"]
[WhiteElo "2149"]
[BlackElo "1955"]
[PlyCount "112"]
[EventDate "2022.01.09"]
[EventType "swiss (blitz)"]
[EventRounds "11"]
[EventCountry "FRA"]
[SourceTitle "EXT 2023"]
[Source "ChessBase"]
[SourceDate "2022.10.05"]
[SourceVersion "1"]
[SourceVersionDate "2022.10.05"]
[SourceQuality "1"]

1. d4 Nf6 2. Bg5 Ne4 3. h4 h6 4. Bf4 e5 5. dxe5 d5 6. exd6 Qf6 7. g3 Bxd6 8. Bg2 Qxb2 9. Nd2 Bb4 10. Bxe4 0-0 11. Ngf3 Re8 12. Bd3 Bc3 13. Rb1 Qxa2 14. 0-0 Qe6 15. Ne4 Ba5 16. Rb5 Bb6 17. Re5 Qd7 18. Rxe8+ Qxe8 19. c4 Nc6 20. c5 Ba5 21. Bb1 Be6 22. Qc2 Bf5 23. Qc4 Be6 24. Qb3 Bxb3 25. Kg2 f5 26. Ned2 Bd5 27. Kh2 Qxe2 28. Ng1 Qb5 29. Rd1 Re8 30. Bxf5 Bb3 31. Rb1 Bxd2 32. Bxd2 Nd4 33. Be3 Qxc5 34. Rxb3 Rxe3 35. Rxe3 Nxf5 36. Re8+ Kh7 37. Re2 Nd4 38. Re4 Qf5 39. Rf4 Qe5 40. Kg2 Ne2 41. Nxe2 Qxe2 42. h5 a5 43. g4 a4 44. Kg3 a3 45. Ra4 Qe5+ 46. f4 Qc3+ 47. Kh4 Qb3 48. Ra7 a2 49. g5 hxg5+ 50. fxg5 Qb4+ 51. Kg3 Qc3+ 52. Kg4 a1Q 53. Rxb7 Qg1+ 54. Kf5 Qcc5+ 55. Ke6 Qge3+ 56. Kf7 Qf5# 0-1

[Event "Cappelle Online Blitz op"]
[Site "Europe Echecs INT"]
[Date "2021.03.07"]
[Round "3"]
[White "Grabowski, Marek"]
[Black "Lavanant, Alexandre"]
[Result "0-1"]
[WhiteElo "1827"]
[BlackElo "1945"]
[PlyCount "92"]
[EventDate "2021.03.07"]
[EventType "swiss (blitz)"]
[EventRounds "11"]
[EventCountry "FRA"]
[SourceTitle "CBM 201 Extra"]
[Source "ChessBase"]
[SourceDate "2021.05.31"]
[SourceVersion "1"]
[SourceVersionDate "2021.05.31"]
[SourceQuality "1"]

1. e4 e6 2. Nf3 d5 3. e5 c5 4. b4 c4 5. d4 cxd3 6. cxd3 Bxb4+ 7. Bd2 Bxd2+ 8. Nbxd2 Ne7 9. d4 Nbc6 10. a3 0-0 11. Bd3 Qb6 12. Rb1 Qc7 13. Qc2 h6 14. 0-0 Bd7 15. Nb3 Rac8 16. Rbc1 f6 17. g4 fxe5 18. Nxe5 Qd6 19. Ng6 Nxd4 20. Nxe7+ Qxe7 21. Bh7+ Kh8 22. Qd3 Nxb3 23. Qxb3 Kxh7 24. Qd3+ Kh8 25. Rce1 Rce8 26. Kh1 Bc6 27. Kg1 e5 28. Qh3 e4 29. f4 Qc5+ 30. Kh1 Bd7 31. Qh4 Qe7 32. g5 Kg8 33. Rg1 e3 34. Qh5 Qf7 35. Qh4 Qxf4 36. Qh5 Qf3+ 37. Rg2 Qxh5 38. Reg1 e2 39. gxh6 Qxh6 40. Re1 Rf1+ 41. Rg1 Rxg1+ 42. Kxg1 Qg5+ 43. Kf2 Qf4+ 44. Kg1 Bc6 45. h4 d4 46. h5 Qg3# 0-1

[Event "Cappelle Online Blitz op"]
[Site "Europe Echecs INT"]
[Date "2021.03.07"]
[Round "4"]
[White "Lavanant, Alexandre"]
[Black "Boyer, Mahel"]
[Result "0-1"]
[WhiteElo "1945"]
[BlackElo "2333"]
[PlyCount "98"]
[EventDate "2021.03.07"]
[EventType "swiss (blitz)"]
[EventRounds "11"]
[EventCountry "FRA"]
[SourceTitle "CBM 201 Extra"]
[Source "ChessBase"]
[SourceDate "2021.05.31"]
[SourceVersion "1"]
[SourceVersionDate "2021.05.31"]
[SourceQuality "1"]

1. e4 Nc6 2. Nc3 d5 3. exd5 Nb4 4. Bc4 Nf6 5. d3 Nbxd5 6. Nge2 g6 7. Nxd5 Nxd5 8. Nf4 c6 9. Qf3 Nxf4 10. Bxf4 Qa5+ 11. c3 Bg7 12. 0-0 0-0 13. d4 Qf5 14. Bd3 Qg4 15. Qe3 Re8 16. h3 Qe6 17. Qg3 Qd5 18. Rfe1 Bf5 19. Bxf5 Qxf5 20. Be5 Bh6 21. Qg4 Qxg4 22. hxg4 a5 23. a4 f6 24. Bg3 Kf7 25. Re2 e6 26. Rae1 Bf8 27. f4 f5 28. gxf5 gxf5 29. Bh4 Bd6 30. g3 b5 31. b3 Rab8 32. c4 bxc4 33. bxc4 Rb4 34. d5 Rxc4 35. dxe6+ Kg6 36. e7 Kf7 37. Re6 Bc5+ 38. Kg2 Bd4 39. Rh6 Kg7 40. Rd6 Kf7 41. Rh6 Rxa4 42. Rxh7+ Kg6 43. Rh6+ Kxh6 44. Re6+ Kg7 45. Rxc6 Kf7 46. Rh6 Ra2+ 47. Kh3 Bg1 48. Rh7+ Kg6 49. Rh8 Rh2# 0-1

[Event "Cappelle Online Blitz op"]
[Site "Europe Echecs INT"]
[Date "2021.03.07"]
[Round "11"]
[White "Lavanant, Alexandre"]
[Black "Dauletova, Gulmira"]
[Result "0-1"]
[WhiteElo "1945"]
[BlackElo "2285"]
[PlyCount "92"]
[EventDate "2021.03.07"]
[EventType "swiss (blitz)"]
[EventRounds "11"]
[EventCountry "FRA"]
[SourceTitle "CBM 201 Extra"]
[Source "ChessBase"]
[SourceDate "2021.05.31"]
[SourceVersion "1"]
[SourceVersionDate "2021.05.31"]
[SourceQuality "1"]

1. e4 e5 2. Nf3 Nc6 3. Bb5 a6 4. Ba4 Nf6 5. 0-0 Be7 6. Re1 b5 7. Bb3 d6 8. c3 0-0 9. d4 Bg4 10. d5 Na5 11. Bc2 c6 12. dxc6 Qc7 13. Nbd2 Qxc6 14. Nf1 h6 15. h3 Be6 16. Ng3 Rfe8 17. Nf5 Bxf5 18. exf5 Bd8 19. g4 Bc7 20. g5 hxg5 21. Bxg5 d5 22. Nh2 Rad8 23. Ng4 Kf8 24. a4 Nc4 25. axb5 axb5 26. Ra7 Nxb2 27. Qc1 Nxg4 28. hxg4 Qxc3 29. Rxc7 Qxc7 30. Qxb2 f6 31. Bd2 Qc4 32. Bd1 Rc8 33. g5 Rb8 34. g6 b4 35. Bc1 b3 36. Qd2 d4 37. Re4 Rec8 38. Ba3+ Ke8 39. Be2 Qc2 40. Qd3 Qxd3 41. Bxd3 b2 42. Bb1 Rc1+ 43. Kg2 Rxb1 44. Bxb2 R1xb2 45. Kg3 d3 46. Rh4 d2 0-1

[Event "Ville d'Orsay online Blitz"]
[Site "Europe Echecs INT"]
[Date "2021.02.07"]
[Round "4"]
[White "Solodovnichenko, Yuri"]
[Black "Lavanant, Alexandre"]
[Result "0-1"]
[WhiteElo "2546"]
[BlackElo "1945"]
[PlyCount "76"]
[EventDate "2021.02.07"]
[EventType "swiss (blitz)"]
[EventRounds "11"]
[EventCountry "FRA"]
[SourceTitle "CBM 200 Extra"]
[Source "ChessBase"]
[SourceDate "2021.03.31"]
[SourceVersion "1"]
[SourceVersionDate "2021.03.31"]
[SourceQuality "1"]

1. e4 e6 2. d4 d5 3. Nc3 Bb4 4. Nge2 Ne7 5. a3 Bxc3+ 6. Nxc3 Nbc6 7. Be3 dxe4 8. Nxe4 Nd5 9. Bb5 Bd7 10. Bg5 f6 11. Bh4 0-0 12. Nc5 Qe7 13. Nxd7 Qxd7 14. 0-0 a6 15. Ba4 b5 16. Bb3 Rae8 17. Re1 Na5 18. Ba2 Nc4 19. b3 Nd6 20. c4 Nc3 21. Qd3 Nxa2 22. Rxa2 Nf5 23. Bg3 Nxd4 24. Bxc7 e5 25. Bb6 Rc8 26. Bxd4 exd4 27. Rc2 Rfd8 28. Rd1 Qd6 29. b4 bxc4 30. Rxc4 Rxc4 31. Qxc4+ Kh8 32. Rd3 Qe5 33. Rd1 d3 34. Qc1 h6 35. Qd2 Qd4 36. Re1 Rc8 37. g3 Rc2 38. Qd1 Qxf2+ 0-1

[Event "Cappelle Online Blitz op 1st"]
[Site "Europe Echecs INT"]
[Date "2021.01.10"]
[Round "6"]
[White "Lavanant, Alexandre"]
[Black "Janzelj, Lara"]
[Result "0-1"]
[WhiteElo "1945"]
[BlackElo "2212"]
[PlyCount "70"]
[EventDate "2021.01.10"]
[EventType "swiss (blitz)"]
[EventRounds "11"]
[EventCountry "FRA"]
[SourceTitle "CBM 200 Extra"]
[Source "ChessBase"]
[SourceDate "2021.03.31"]
[SourceVersion "1"]
[SourceVersionDate "2021.03.31"]
[SourceQuality "1"]

1. e4 e5 2. Nf3 Nc6 3. Bb5 g6 4. 0-0 Bg7 5. c3 a6 6. Ba4 b5 7. Bc2 Nge7 8. d4 exd4 9. cxd4 0-0 10. a4 b4 11. a5 d5 12. e5 Bg4 13. Be3 f6 14. exf6 Rxf6 15. Nbd2 Rf8 16. Qb1 Bf5 17. Bd3 Qd6 18. Nb3 Rae8 19. Nc5 Bg4 20. Ng5 h6 21. h3 Bc8 22. Nf3 Bxh3 23. Nh4 Bf5 24. Nxf5 Nxf5 25. Bxf5 Rxf5 26. Qd3 Rh5 27. g3 Ne7 28. Qxa6 c6 29. Nb7 Qd7 30. Kg2 Qh3+ 31. Kf3 Nf5 32. Ke2 Nxe3 33. fxe3 Qg4+ 34. Kd2 Rh2+ 35. Kd3 Qe4# 0-1

[Event "C'Chartres Blitz op"]
[Site "Europe Echecs INT"]
[Date "2020.11.28"]
[Round "6"]
[White "Lavanant, Alexandre"]
[Black "Devallee, Jeremie"]
[Result "0-1"]
[WhiteElo "1945"]
[BlackElo "2220"]
[PlyCount "60"]
[EventDate "2020.11.28"]
[EventType "swiss (blitz)"]
[EventRounds "11"]
[EventCountry "FRA"]
[SourceTitle "CBM 199 Extra"]
[Source "ChessBase"]
[SourceDate "2021.01.31"]
[SourceVersion "1"]
[SourceVersionDate "2021.01.31"]
[SourceQuality "1"]

1. e4 c5 2. Nf3 d6 3. Bb5+ Nd7 4. 0-0 a6 5. Bd3 e5 6. c3 b5 7. a4 c4 8. Bc2 Bb7 9. Re1 Ngf6 10. d3 Be7 11. axb5 axb5 12. Rxa8 Qxa8 13. Na3 Ba6 14. dxc4 bxc4 15. Qe2 Qc6 16. Nd2 Nb6 17. Nf1 0-0 18. Ng3 Rc8 19. Nf5 Bf8 20. Bg5 Nbd7 21. Qf3 d5 22. exd5 Qxd5 23. Qg3 Kh8 24. Rd1 Qe6 25. Qh4 e4 26. Rxd7 Nxd7 27. Bxe4 g6 28. Ne7 Re8 29. f3 f5 30. Bd5 Qd6 0-1

[Event "C'Chartres Blitz op"]
[Site "Europe Echecs INT"]
[Date "2020.11.28"]
[Round "2"]
[White "Lavanant, Alexandre"]
[Black "Migot, Tangi"]
[Result "0-1"]
[WhiteElo "1945"]
[BlackElo "2353"]
[PlyCount "78"]
[EventDate "2020.11.28"]
[EventType "swiss (blitz)"]
[EventRounds "11"]
[EventCountry "FRA"]
[SourceTitle "CBM 199 Extra"]
[Source "ChessBase"]
[SourceDate "2021.01.31"]
[SourceVersion "1"]
[SourceVersionDate "2021.01.31"]
[SourceQuality "1"]

1. e4 c5 2. Nf3 a6 3. d4 cxd4 4. Nxd4 Nf6 5. Nc3 e5 6. Nf3 Bb4 7. Bd3 0-0 8. 0-0 d6 9. Bg5 Bxc3 10. bxc3 Nbd7 11. Rb1 Qc7 12. c4 h6 13. Be3 Nc5 14. Qd2 Ncxe4 15. Bxe4 Nxe4 16. Qd3 Nc5 17. Qc3 Be6 18. Nd2 f5 19. f4 b6 20. fxe5 dxe5 21. Kh1 Rae8 22. Qb4 Rb8 23. Nb3 Ne4 24. c5 bxc5 25. Qa4 Nc3 26. Qxa6 Rb6 27. Qd3 Nxb1 28. Rxb1 e4 29. Qc3 Bxb3 30. axb3 Rc6 31. Qc4+ Kh8 32. Rf1 f4 33. Bc1 f3 34. g3 Qe5 35. Bf4 Rxf4 36. gxf4 Qxf4 37. Qd5 Rg6 38. Qd8+ Kh7 39. Qe7 Qg4 0-1

[Event "C'Chartres Blitz op"]
[Site "Europe Echecs INT"]
[Date "2020.11.28"]
[Round "9"]
[White "Perolini, Cedric"]
[Black "Lavanant, Alexandre"]
[Result "0-1"]
[WhiteElo "1706"]
[BlackElo "1945"]
[PlyCount "38"]
[EventDate "2020.11.28"]
[EventType "swiss (blitz)"]
[EventRounds "11"]
[EventCountry "FRA"]
[SourceTitle "CBM 199 Extra"]
[Source "ChessBase"]
[SourceDate "2021.01.31"]
[SourceVersion "1"]
[SourceVersionDate "2021.01.31"]
[SourceQuality "1"]

1. e4 e6 2. d4 d5 3. exd5 exd5 4. f4 c5 5. c3 Nc6 6. Bb5 Nf6 7. Nf3 cxd4 8. Nxd4 Bd7 9. Qe2+ Be7 10. Nxc6 bxc6 11. Bd3 0-0 12. 0-0 Bc5+ 13. Kh1 Re8 14. Qc2 Ng4 15. Bxh7+ Kh8 16. h3 Qh4 17. Nd2 Nf2+ 18. Rxf2 Bxf2 19. Bf5 Re1+ 0-1

[Event "C'Chartres Blitz op"]
[Site "Europe Echecs INT"]
[Date "2020.11.28"]
[Round "7"]
[White "Zargarov, Mikayel"]
[Black "Lavanant, Alexandre"]
[Result "1-0"]
[WhiteElo "1725"]
[BlackElo "1945"]
[PlyCount "33"]
[EventDate "2020.11.28"]
[EventType "swiss (blitz)"]
[EventRounds "11"]
[EventCountry "FRA"]
[SourceTitle "CBM 199 Extra"]
[Source "ChessBase"]
[SourceDate "2021.01.31"]
[SourceVersion "1"]
[SourceVersionDate "2021.01.31"]
[SourceQuality "1"]

1. d4 Nf6 2. Nf3 c5 3. d5 e6 4. Nc3 exd5 5. Nxd5 Nc6 6. Bg5 Be7 7. Nxe7 Qxe7 8. e3 h6 9. Bh4 Qe6 10. Be2 d5 11. 0-0 g5 12. Bg3 Ne4 13. Bc7 h5 14. Bb5 g4 15. Nh4 Rg8 16. c4 dxc4 17. Qd8# 1-0

[Event "FRA-ch Blitz Online Qual"]
[Site "Europe Echecs INT"]
[Date "2020.05.16"]
[Round "12"]
[White "Cassam Chenai, Antoine"]
[Black "Lavanant, Alexandre"]
[Result "1-0"]
[WhiteElo "1839"]
[BlackElo "1937"]
[PlyCount "77"]
[EventDate "2020.05.16"]
[EventType "swiss (blitz)"]
[EventRounds "15"]
[EventCountry "FRA"]
[SourceTitle "CBM 196 Extra"]
[Source "ChessBase"]
[SourceDate "2020.07.31"]
[SourceVersion "1"]
[SourceVersionDate "2020.07.31"]
[SourceQuality "1"]

1. e4 e6 2. d4 d5 3. e5 c6 4. Nf3 c5 5. c3 Nc6 6. a3 c4 7. Be2 Bd7 8. 0-0 Na5 9. Nbd2 Bc6 10. b4 cxb3 11. Nxb3 Ba4 12. Rb1 Nxb3 13. Rxb3 Bxb3 14. Qxb3 Qb6 15. Bb5+ Kd8 16. Ng5 Nh6 17. Qa4 Be7 18. Nf3 Rc8 19. c4 dxc4 20. Bd2 c3 21. Be3 Nf5 22. Bc1 a6 23. Bd3 g6 24. d5 exd5 25. Ng5 Bxg5 26. Bxg5+ Kc7 27. e6 fxe6 28. Bxf5 Kb8 29. Bf4+ Ka8 30. Bd3 Rhd8 31. Rb1 Qa7 32. Be3 d4 33. Bg5 Rd6 34. Qb4 c2 35. Bxc2 Rxc2 36. Qxd6 d3 37. Qd8+ Qb8 38. Qxd3 Rc7 39. Bf4 1-0

[Event "FRA-ch Blitz Online Qual"]
[Site "Europe Echecs INT"]
[Date "2020.05.16"]
[Round "2"]
[White "Efimov, Igor"]
[Black "Lavanant, Alexandre"]
[Result "1-0"]
[WhiteElo "2409"]
[BlackElo "1937"]
[PlyCount "71"]
[EventDate "2020.05.16"]
[EventType "swiss (blitz)"]
[EventRounds "15"]
[EventCountry "FRA"]
[SourceTitle "CBM 196 Extra"]
[Source "ChessBase"]
[SourceDate "2020.07.31"]
[SourceVersion "1"]
[SourceVersionDate "2020.07.31"]
[SourceQuality "1"]

1. d4 Nf6 2. Bg5 e6 3. Nd2 Be7 4. e4 d5 5. e5 Nfd7 6. Bxe7 Qxe7 7. c3 c5 8. Bd3 Nc6 9. Ne2 cxd4 10. cxd4 f6 11. exf6 Nxf6 12. 0-0 0-0 13. a3 e5 14. dxe5 Nxe5 15. Bc2 Bd7 16. Nd4 Bc6 17. Re1 Qc7 18. Rc1 Rae8 19. h3 Qb6 20. Nxc6 bxc6 21. Nb3 Nfg4 22. Qd4 Nxf2 23. Qxb6 Nxh3+ 24. Kh2 axb6 25. Kxh3 Rf6 26. Nd4 c5 27. Nf3 Rfe6 28. Ng5 Rh6+ 29. Kg3 Rh5 30. Bxh7+ Kf8 31. Rf1+ Ke7 32. Rf5 Kd6 33. Re1 Re7 34. Ne4+ dxe4 35. Rxh5 Nd3 36. Rxe4 1-0

[Event "FRA-ch Blitz Online Qual"]
[Site "Europe Echecs INT"]
[Date "2020.05.16"]
[Round "10"]
[White "Maugin, Narada"]
[Black "Lavanant, Alexandre"]
[Result "1-0"]
[WhiteElo "1947"]
[BlackElo "1937"]
[PlyCount "103"]
[EventDate "2020.05.16"]
[EventType "swiss (blitz)"]
[EventRounds "15"]
[EventCountry "FRA"]
[SourceTitle "CBM 196 Extra"]
[Source "ChessBase"]
[SourceDate "2020.07.31"]
[SourceVersion "1"]
[SourceVersionDate "2020.07.31"]
[SourceQuality "1"]

1. c4 e5 2. Nc3 Nf6 3. Nf3 e4 4. Ng5 b5 5. d3 bxc4 6. dxe4 h6 7. Nxf7 Kxf7 8. e5 Bb7 9. exf6 Qxf6 10. e4 Bc5 11. Qh5+ Ke7 12. Qxc5+ Kd8 13. Bxc4 d6 14. Qb5 Kc8 15. 0-0 h5 16. Nd5 Qd8 17. Be3 Nd7 18. Rac1 Rb8 19. Bxa7 Bxd5 20. Qxb8+ Nxb8 21. Bxd5 g5 22. Bb6 Na6 23. b4 Rh7 24. b5 Nc5 25. Bxc5 dxc5 26. Rxc5 Kb8 27. Rfc1 h4 28. R1c3 h3 29. Rc6 Qe7 30. gxh3 Qf8 31. Ra6 c6 32. Bxc6 Ra7 33. Rb6+ Kc7 34. Ra6 Rxa6 35. bxa6 Kb6 36. Bd5 Kxa6 37. Kg2 Qf4 38. Rc6+ Kb5 39. f3 Qd2+ 40. Kg3 Qf4+ 41. Kg2 Kb4 42. Rc2 Qe5 43. Bb3 Qd4 44. Kg3 Qe3 45. Kg4 Qf4+ 46. Kh5 Qxf3+ 47. Kxg5 Qxh3 48. Rc4+ Kb5 49. Rc2 Qf1 50. Bc4+ Qxc4 51. Rxc4 Kxc4 52. h4 1-0

[Event "FRA-ch Blitz Online Qual"]
[Site "Europe Echecs INT"]
[Date "2020.05.16"]
[Round "14"]
[White "Ros, David"]
[Black "Lavanant, Alexandre"]
[Result "0-1"]
[WhiteElo "1767"]
[BlackElo "1937"]
[PlyCount "62"]
[EventDate "2020.05.16"]
[EventType "swiss (blitz)"]
[EventRounds "15"]
[EventCountry "FRA"]
[SourceTitle "CBM 196 Extra"]
[Source "ChessBase"]
[SourceDate "2020.07.31"]
[SourceVersion "1"]
[SourceVersionDate "2020.07.31"]
[SourceQuality "1"]

1. e4 e6 2. d4 d5 3. e5 c5 4. c3 Nc6 5. Nf3 Bd7 6. Bd3 Rc8 7. 0-0 cxd4 8. cxd4 Nb4 9. Nc3 Nxd3 10. Qxd3 a6 11. Be3 Ne7 12. Rac1 Nc6 13. a3 Be7 14. Rc2 0-0 15. Rfc1 f6 16. h3 fxe5 17. dxe5 Be8 18. Nd4 Nxd4 19. Bxd4 Bg6 20. Qg3 Bxc2 21. Rxc2 Qe8 22. Re2 Bc5 23. Qd3 Qh5 24. f3 Qg5 25. Rd2 Bxd4+ 26. Qxd4 Rxf3 27. Nxd5 Rff8 28. Ne3 Rcd8 29. Qc3 Rxd2 30. Qxd2 Qf4 31. Nc4 Qxc4 0-1

[Event "Rennes Masters op"]
[Site "Rennes"]
[Date "2013.03.30"]
[Round "2"]
[White "Lavanant, Alexandre"]
[Black "Durand Le Ludec, Brendan Bubok"]
[Result "1/2-1/2"]
[WhiteElo "2031"]
[BlackElo "1769"]
[PlyCount "92"]
[EventDate "2013.03.30"]
[EventType "tourn"]
[EventRounds "7"]
[EventCountry "FRA"]
[SourceTitle "EXT 2014"]
[Source "ChessBase"]
[SourceDate "2013.11.20"]
[SourceVersion "1"]
[SourceVersionDate "2013.11.20"]
[SourceQuality "1"]

1. d4 Nf6 2. Bg5 d5 3. Bxf6 exf6 4. e3 Bd6 5. g3 c6 6. Bg2 0-0 7. Nd2 Be6 8. Ne2 Re8 9. 0-0 Nd7 10. b3 Nf8 11. c4 Ng6 12. Qc2 Qd7 13. Rfe1 Rac8 14. a3 Bh3 15. Bh1 f5 16. Qd3 dxc4 17. Nxc4 Bb8 18. b4 Re6 19. Rad1 Rce8 20. d5 cxd5 21. Qxd5 Qxd5 22. Bxd5 R6e7 23. Na5 b6 24. Nc6 Rd7 25. Nxb8 Rxb8 26. Bc6 Rxd1 27. Rxd1 Ne5 28. Nd4 g6 29. b5 Rd8 30. Rc1 Nd3 31. Rc3 Nc5 32. a4 Kf8 33. a5 Ke7 34. axb6 axb6 35. Ra3 Ne6 36. Ra7+ Kf6 37. Rd7 Rxd7 38. Bxd7 Nxd4 39. exd4 Bg4 40. Kg2 Be2 41. f4 Ke7 42. Bc6 Kd6 43. Kf2 Bc4 44. Ke3 f6 45. h4 h6 46. Be8 g5 1/2-1/2

[Event "Rennes Masters op"]
[Site "Rennes"]
[Date "2013.03.30"]
[Round "1"]
[White "Lechartre, Victorien"]
[Black "Lavanant, Alexandre"]
[Result "1-0"]
[WhiteElo "1655"]
[BlackElo "2031"]
[PlyCount "65"]
[EventDate "2013.03.30"]
[EventType "tourn"]
[EventRounds "7"]
[EventCountry "FRA"]
[SourceTitle "EXT 2014"]
[Source "ChessBase"]
[SourceDate "2013.11.20"]
[SourceVersion "1"]
[SourceVersionDate "2013.11.20"]
[SourceQuality "1"]

1. d4 Nf6 2. c4 e5 3. dxe5 Ng4 4. Nf3 Nc6 5. Bf4 Bb4+ 6. Nc3 Bxc3+ 7. bxc3 Qe7 8. Qd5 f6 9. exf6 Nxf6 10. Qd3 d6 11. g3 0-0 12. Bg2 Ne4 13. Nd4 Nc5 14. Qd2 Ne5 15. 0-0 Nxc4 16. Bd5+ Be6 17. Bxe6+ Nxe6 18. Qd3 Nxf4 19. Qxc4+ d5 20. Qb3 Qg5 21. Kh1 Nh3 22. Ne6 Qh5 23. Nxf8 Rxf8 24. f4 c6 25. Rae1 g5 26. f5 Qg4 27. e4 Re8 28. e5 h5 29. Qxb7 Rf8 30. Qxc6 h4 31. Qg6+ Kh8 32. f6 Qd7 33. f7 1-0

[Event "Hennebont Grand Prix"]
[Site "Hennebont"]
[Date "2006.08.06"]
[Round "5"]
[White "Cabel Simon, Remi"]
[Black "Lavanant, Alexandre"]
[Result "0-1"]
[WhiteElo "1833"]
[BlackElo "2050"]
[PlyCount "74"]
[EventDate "2006.08.05"]
[EventType "swiss"]
[EventRounds "7"]
[EventCountry "FRA"]
[SourceTitle "EXT 2007"]
[Source "ChessBase"]
[SourceDate "2006.11.23"]
[SourceVersion "1"]
[SourceVersionDate "2006.11.23"]
[SourceQuality "1"]

1. g3 d5 2. Bg2 Nf6 3. d3 c6 4. Nc3 e5 5. e4 Bc5 6. Bg5 Qb6 7. Qd2 Ng4 8. Nh3 h6 9. Na4 Qb5 10. Nxc5 hxg5 11. Nb3 f6 12. f3 Nh6 13. Nf2 d4 14. Qa5 Qxa5+ 15. Nxa5 Nf7 16. 0-0 b6 17. Nc4 Be6 18. b4 Nd7 19. a4 Bxc4 20. dxc4 Nd6 21. Nd3 Nxc4 22. f4 gxf4 23. gxf4 Ne3 24. Rf2 Ng4 25. Rf3 0-0-0 26. Bh3 Ne3 27. fxe5 fxe5 28. Nxe5 Rxh3 29. Rxh3 Nxe5 30. Ra2 Rf8 31. Ra1 Nxc2 32. Rd1 d3 33. b5 c5 34. Rg3 Rf7 35. Kh1 c4 36. Rg5 Nf3 37. Rg3 Ne3 0-1

[Event "Hennebont Grand Prix"]
[Site "Hennebont"]
[Date "2006.08.05"]
[Round "2"]
[White "Lavanant, Alexandre"]
[Black "Bodenez, Vincent"]
[Result "1/2-1/2"]
[WhiteElo "2050"]
[BlackElo "2194"]
[PlyCount "106"]
[EventDate "2006.08.05"]
[EventType "swiss"]
[EventRounds "7"]
[EventCountry "FRA"]
[SourceTitle "EXT 2007"]
[Source "ChessBase"]
[SourceDate "2006.11.23"]
[SourceVersion "1"]
[SourceVersionDate "2006.11.23"]
[SourceQuality "1"]

1. d4 d6 2. e4 Nf6 3. Nc3 c6 4. Bd3 Nbd7 5. Nf3 e5 6. 0-0 Be7 7. h3 0-0 8. Re1 Re8 9. Bc4 b5 10. Bb3 a6 11. Ng5 Rf8 12. f4 exd4 13. Nxf7 Rxf7 14. Bxf7+ Kxf7 15. Qxd4 Qb6 16. Be3 Qxd4 17. Bxd4 c5 18. Bf2 b4 19. Nb1 Bb7 20. Nd2 Nb6 21. Rad1 Rd8 22. b3 Kg8 23. Bh4 Kf7 24. e5 dxe5 25. fxe5 Ne4 26. Nxe4 Rxd1 27. Rxd1 Bxe4 28. Bxe7 Kxe7 29. Rd6 Nd7 30. Rxa6 Nxe5 31. Ra7+ Nd7 32. a3 bxa3 33. c3 Kd6 34. Rxa3 g5 35. Ra2 Bd5 36. Rd2 Ke6 37. c4 Bc6 38. Rb2 Ne5 39. b4 Nxc4 40. Re2+ Kd5 41. bxc5 Ne5 42. g3 h5 43. Rf2 Ke4 44. Rf6 g4 45. Rf4+ Ke3 46. hxg4 hxg4 47. Rf6 Kd4 48. Rf5 Be4 49. Rf4 Kd5 50. c6 Nxc6 51. Rxg4 Ne5 52. Rg5 Ke6 53. Kf2 Kf6 1/2-1/2

[Event "FRA-chT4 0506"]
[Site "Bretagne"]
[Date "2006.01.15"]
[Round "4"]
[White "Lavanant, Alexandre"]
[Black "Toux, Stephane"]
[Result "1-0"]
[WhiteElo "2021"]
[BlackElo "1877"]
[PlyCount "89"]
[EventDate "2005.10.16"]
[EventType "team-tourn"]
[EventRounds "7"]
[EventCountry "FRA"]
[SourceTitle "EXT 2007"]
[Source "ChessBase"]
[SourceDate "2006.11.23"]
[SourceVersion "1"]
[SourceVersionDate "2006.11.23"]
[SourceQuality "1"]

1. d4 d5 2. Bg5 Nf6 3. Bxf6 exf6 4. e3 Bd6 5. g3 c6 6. Bg2 Nd7 7. Nd2 f5 8. Ne2 Nf6 9. 0-0 0-0 10. c4 dxc4 11. Nxc4 Bc7 12. b4 Be6 13. Qc2 Bd5 14. Nf4 Bxf4 15. gxf4 Bxg2 16. Kxg2 Qd5+ 17. Kg1 g6 18. Ne5 Rfe8 19. a4 a6 20. Rfc1 Nd7 21. Qc4 Nb6 22. Qc5 Qxc5 23. bxc5 Nd5 24. Rcb1 Re7 25. Rb3 a5 26. Rab1 Ra7 27. Nc4 Rc7 28. Kf1 f6 29. Ke2 Kg7 30. Nd6 Rd7 31. Nxb7 Nc3+ 32. Rxc3 Raxb7 33. Rcb3 Rxb3 34. Rxb3 g5 35. fxg5 fxg5 36. Kd3 Re7 37. Rb6 Re6 38. d5 Re5 39. Rxc6 Rxd5+ 40. Kc4 Rd2 41. Rd6 Rxf2 42. c6 Rxh2 43. Rd3 Rh6 44. Kb5 Re6 45. c7 1-0